Latin: 1st Conjugation Synopsis Quiz - Statistics

General Stats
  • This quiz has been taken 132 times
  • The average score is 65 of 131
Answer Stats
Answer % Correct
amāmus
100%
amant
100%
amās
100%
amat
100%
amātis
100%
amō
100%
amābāmus
95%
amābant
95%
amābās
95%
amābat
95%
amābātis
95%
amābam
92%
amāvī
89%
amāvimus
89%
amāvit
89%
amābis
87%
amābit
87%
amābitis
87%
amābō
87%
amāvistī
87%
amābimus
87%
amābunt
84%
amāvistis
84%
amāvērunt
82%
amāverāmus
79%
amāverant
79%
amāverātis
79%
amāveram
76%
amāverās
76%
amāverat
76%
amātur
71%
amāverimus
71%
amāverint
71%
amāveris
71%
amāverit
71%
amāveritis
71%
amāverō
71%
amor
71%
amāminī
66%
amāmur
66%
amantur
66%
amāris
63%
amābāminī
61%
amābāmur
61%
amābantur
61%
amābar
61%
amābāris
61%
amābātur
61%
amābiminī
58%
amābimur
58%
amābitur
58%
amābor
58%
amābuntur
58%
amā
53%
amāberis
53%
amāte
53%
amem
53%
amēmus
53%
ament
53%
amēs
53%
amet
53%
amētis
53%
amāre
47%
amārem
47%
amāns
45%
amārēmus
45%
amārent
45%
amārēs
45%
amāret
45%
amārētis
45%
amātus -a, um
42%
amāvissem
37%
amāvissēs
34%
amāvisset
34%
amārī
32%
amātūrus -a, -um
32%
amāvisse
32%
amāvissēmus
32%
amāvissent
32%
amāvissētis
32%
amer
32%
amārer
29%
amēminī
29%
amēmur
29%
amentur
29%
amēris
29%
amētur
29%
amārēminī
26%
amārēmur
26%
amārentur
26%
amārēris
26%
amāretur
26%
amātae estis
26%
amāta eram
26%
amāta erās
26%
amāta es
26%
amāta est
26%
amātae sumus
26%
amātae sunt
26%
amāta sum
26%
amāverim
26%
amāta erō
26%
amātae erāmus
24%
amātae erant
24%
amātae erātis
24%
amātae erimus
24%
amātae eritis
24%
amātae erunt
24%
amāta erat
24%
amāta eris
24%
amāta erit
24%
amāta essem
24%
amāverīmus
24%
amāverint
24%
amāverīs
24%
amāverit
24%
amāverītis
24%
amandus -a, -um
21%
amātae essēmus
21%
amātae essent
21%
amātae essētis
21%
amāta essēs
21%
amāta esset
21%
amāta sim
21%
amātae sīmus
18%
amātae sint
18%
amātae sītis
18%
amāta sīs
18%
amāta sit
18%
amātūrum esse
13%
amātum esse
11%
No matching quizzes found
Score Distribution
Percent of People with Each Score
Percentile by Number Answered
Your Score History
You have not taken this quiz